| 000 | 00755cab a2200229 4500 | ||
|---|---|---|---|
| 001 | WB3011-42 | ||
| 008 | 090401t1994 xxu||||| |||| 00| 0 eng d | ||
| 035 | _a(Sirsi) u4799 | ||
| 041 | _aeng | ||
| 245 | _aHamptons faces claims for £30m | ||
| 260 | _c1994 | ||
| 350 | _a0 | ||
| 490 |
_aDaily Telegraph _v14 March 1994, 24(1) |
||
| 520 | _aHeld responsible in the high court for mortgage frauds perpetrated by an employee, Hamptons, the estate agent, could be sued by the Alliance & Leicester and Mercantile Credit for £30m damages. | ||
| 650 | _aHOTELS | ||
| 650 | _aMORTGAGE FRAUD | ||
| 650 | _aNEGLIGENCE | ||
| 650 | _aOVER-VALUATION | ||
| 690 | _aMANAGEMENT-BUSINESS MANAGEMENT-PROFESSIONAL PRACTICE | ||
| 942 | _n0 | ||
| 948 | _c04/03/1997 | ||
| 999 |
_c2903 _d2903 |
||